| 000 | 00464nam a2200145 a 4500 | ||
|---|---|---|---|
| 001 | 000044260 | ||
| 005 | 20201002045242.0 | ||
| 008 | 140611s2008 dr 000 0 spa d | ||
| 040 |
_aDO-SdBNP _bspa _cBNPHU |
||
| 100 | 1 |
_aAstacio, Abel _972265 |
|
| 245 | 1 | 3 |
_aUn sueño fustrado / _cAbel Astacio. |
| 260 |
_aSanto Domingo : _bGráfica William, _c2008. |
||
| 300 |
_a157 p. : _bil. retrs. ; _c22 cm. |
||
| 500 | _aIncluye datos biográficos del autor en la contracubierta | ||
| 999 |
_c43749 _d43749 |
||